MARC

LEADER 00000nam0a2200000 4500
001 377001
005 20231102012853.0
035 |a (RuTPU)RU\TPU\retro\34445 
090 |a 377001 
100 |a 20230202d1949 k y0rusy50 ca 
101 0 |a rus 
102 |a RU 
105 |a a z 001zy 
200 1 |a Определение вредных веществ в воздухе производственных помещений  |f М. В. Алексеева, Б. Е. Андронов, С. С. Гурвиц, А. С. Житкова  |g Московский научно-исследовательский институт охраны труда ВЦСПС ; авт. предисл. проф. канд. мед. наук З. И. Израэльсон 
210 |a Москва  |a Ленинград  |c Госхимиздат  |d 1949 
215 |a 285 с.  |c ил. 
320 |a Предм. указ.: с. 282-285 
606 1 |a Химия  |2 stltpush  |3 (RuTPU)RU\TPU\subj\17362  |9 43035 
610 1 |a охрана труда 
610 1 |a воздух помещений 
610 1 |a производственные помещения 
610 1 |a санитарные исследования 
610 1 |a химические исследования 
610 1 |a вредные вещества 
610 1 |a вредные вещества 
610 1 |a промышленность 
610 1 |a промышленные яды 
610 1 |a промышленная пыль 
610 1 |a методы исследования 
610 1 |a анализ 
610 1 |a пробы 
610 1 |a колориметрия 
610 1 |a нефелометрия 
675 |a 54(035)  |v 4 
701 1 |a Алексеева  |b М. В. 
701 1 |a Андронов  |b Б. Е. 
701 1 |a Гурвиц  |b С. С. 
701 1 |a Житкова  |b А. С. 
702 1 |a Израэльсон  |b З. И.  |c профессор, доктор медицинских наук  |4 080 
712 0 2 |a Московский научно-исследовательский институт охраны труда  |2 stltpush  |3 (RuTPU)RU\TPU\col\3265  |9 23795 
801 2 |a RU  |b 63413507  |c 20230203  |g RCR 
942 |c BK